=LDR 00000nam 2200000 4500 =001 NUTBA000000000001314 =005 20140421155605.0 =006 =007 =008 =020 ##$$a 978-979-22-2460-3 =035 ##$$a 0010-041400000000584 =040 ##$$a Ind =082 ##$$a 813 =090 ##$$a 813$bTan s =100 ##$$a Ilana Tan =245 ##$$a Suminer in seoul$cIlana tan =250 ##$$a Cet. 13 =260 ##$$a Jakarta$bGramedia$c2011. =300 ##$$a 276 Hlm$c20 cm. =850 ##$$a NBPNMAT =990 ##$$a 21111525 =990 ##$$a 94602/BPAP-NTB/2014 =990 ##$$a 94603/BPAP-NTB/2014